|
|
|
|
| LEADER |
00610cam a2200217ua 4500 |
| 008 |
060815t2002||||||||||| 00 ||eng c |
| 020 |
|
|
|a 81-7224-774-5
|
| 041 |
0 |
|
|a eng
|
| 082 |
|
|
|a 621.395
|b ROT/F
|
| 245 |
0 |
0 |
|a Fundamentals of logic design /
|
| 250 |
|
|
|a 4th.
|
| 260 |
|
|
|a Mumbai:
|b Jaico,
|c 2002.
|
| 300 |
|
|
|a xviii,770p..
|
| 362 |
1 |
|
|a 2002.
|
| 365 |
|
|
|a Rs.325/-
|e pb
|
| 650 |
|
|
|a Engineering
|
| 650 |
0 |
|
|a Logic
|
| 700 |
0 |
2 |
|a Roth,Charles H,
|
| 942 |
|
|
|c BK
|
| 999 |
|
|
|c 5276
|d 5276
|
| 952 |
|
|
|0 0
|1 0
|4 0
|6 621_395000000000000_ROT
|7 0
|9 5544
|a KUCL
|b KUCL
|d 2014-05-23
|l 0
|o 621.395 ROT/
|p 09165
|r 2014-05-23
|w 2014-05-23
|y BK
|